<?xml version="1.0" encoding="UTF-8"?>
<collection xmlns="http://www.loc.gov/MARC21/slim">
 <record>
  <leader>00990nam a2200241 a 4500</leader>
  <controlfield tag="001">1/51662</controlfield>
  <controlfield tag="008">210307s2002####enk           000 | eng d</controlfield>
  <datafield tag="020" ind1=" " ind2=" ">
   <subfield code="a">0201715945</subfield>
  </datafield>
  <datafield tag="040" ind1=" " ind2=" ">
   <subfield code="a">GR-PeUP</subfield>
  </datafield>
  <datafield tag="082" ind1="0" ind2="0">
   <subfield code="a">005.117 SHA</subfield>
  </datafield>
  <datafield tag="100" ind1="1" ind2=" ">
   <subfield code="a">Shalloway, Alan.</subfield>
  </datafield>
  <datafield tag="245" ind1="0" ind2="0">
   <subfield code="a">Design patterns explained : </subfield>
   <subfield code="b">a new perspective on object-oriented design / </subfield>
   <subfield code="c">Alan Shalloway, James R. Trott.</subfield>
  </datafield>
  <datafield tag="260" ind1=" " ind2=" ">
   <subfield code="a">Boston : </subfield>
   <subfield code="b">Addison-Wesley,</subfield>
   <subfield code="c">2002.</subfield>
  </datafield>
  <datafield tag="300" ind1=" " ind2=" ">
   <subfield code="a">xxvii, 334 σ. ;</subfield>
   <subfield code="c">24 εκ.</subfield>
  </datafield>
  <datafield tag="500" ind1=" " ind2=" ">
   <subfield code="a">Περιέχει βιβλιογραφία και ευρετήριο.</subfield>
  </datafield>
  <datafield tag="650" ind1=" " ind2="4">
   <subfield code="a">Object-oriented programming (Computer Science).</subfield>
  </datafield>
  <datafield tag="650" ind1=" " ind2="4">
   <subfield code="a">Computer software</subfield>
   <subfield code="x">Development.</subfield>
  </datafield>
  <datafield tag="650" ind1=" " ind2="4">
   <subfield code="a">Computer science.</subfield>
  </datafield>
  <datafield tag="650" ind1=" " ind2="4">
   <subfield code="a">Επιστήμη των ηλεκτρονικών υπολογιστών.</subfield>
  </datafield>
  <datafield tag="650" ind1=" " ind2="4">
   <subfield code="a">Λογισμικό υπολογιστών.</subfield>
  </datafield>
  <datafield tag="700" ind1="1" ind2=" ">
   <subfield code="a">Trott, James R.</subfield>
  </datafield>
  <datafield tag="852" ind1=" " ind2=" ">
   <subfield code="a">INST</subfield>
   <subfield code="b">UNIPILB</subfield>
   <subfield code="c">MAIN</subfield>
   <subfield code="e">20210307</subfield>
   <subfield code="h">005.117 SHA</subfield>
   <subfield code="p">00174439</subfield>
   <subfield code="q">00174439</subfield>
   <subfield code="t">LOAN</subfield>
   <subfield code="y">0</subfield>
   <subfield code="4">1</subfield>
  </datafield>
  <datafield tag="960" ind1=" " ind2=" ">
   <subfield code="a">ΑΛΜΠΑΝΗ ΣΟΥΛΤΑΝΑ</subfield>
  </datafield>
 </record>
</collection>
